Quale film ha vinto l'oscar? (1986-2005) - Statistics

Statistiche generali
  • Questo quiz è stato fatto 59 volte
  • Il punteggio medio è 13 su 20
Statistiche sulle risposte
Domanda Risposta % Corretto
Miglior film 1992 Il silenzio degli innocenti
88%
Miglior film 1994 Schindler's List - La lista di Schindler
88%
Miglior film 2001 Il gladiatore
84%
Miglior film 2002 A Beautiful Mind
80%
Miglior film 2005 Million Dollar Baby
75%
Miglior film 1996 Braveheart - Cuore impavido
73%
Miglior film 2004 Il Signore degli Anelli - Il ritorno del re
73%
Miglior film 1995 Forrest Gump
69%
Miglior film 1986 La mia Africa
69%
Miglior film 2000 American Beauty
65%
Miglior film 1991 Balla coi lupi
65%
Miglior film 1998 Titanic
65%
Miglior film 1989 Rain Man - L'uomo della pioggia
61%
Miglior film 1988 L'ultimo imperatore
57%
Miglior film 1997 Il paziente inglese
51%
Miglior film 1999 Shakespeare in Love
49%
Miglior film 1987 Platoon
41%
Miglior film 1990 A spasso con Daisy
37%
Miglior film 2003 Chicago
35%
Miglior film 1993 Gli spietati
27%
Nessun quiz corrispondente trovato
Distribuzione punteggi
Percentuale di utenti per punteggio
Percentile per numero di risposta
I tuoi punteggi nel tempo
Non hai fatto questo quiz